000
00269nam a22001217a 4500
003
OSt
008
250129b |||||||| |||| 00| 0 eng d
041
_a
eng
100
_a
Sharma, RK
_9
7024
245
_a
Irrigation and Drainage
700
_a
Sharma, TK
_9
7025
942
_c
BK
999
_c
19177
_d
19177